|
|
|
|
| LEADER |
01368nam a2200361 a 4500 |
| 001 |
7857 |
| 008 |
130609s1995 nyua 001 0 eng d |
| 020 |
|
|
|a 0070490457
|
| 020 |
|
|
|a 0070490333
|
| 020 |
|
|
|a 0071135316
|
| 040 |
|
|
|a TOL
|c TOL
|d OH@
|d BD-DhAAL
|
| 082 |
0 |
4 |
|a 004
|2 20
|
| 999 |
|
|
|c 13557
|d 13557
|
| 999 |
|
|
|c 13557
|
| 100 |
1 |
|
|a O'Leary, Timothy J.,
|d 1947-
|9 2051
|
| 245 |
|
|
|c Timothy J. O'Leary, Linda I. O'Leary.
|a McGraw-Hill computing essentials
|
| 246 |
3 |
0 |
|a Computing Essentials.
|
| 250 |
|
|
|a Annual ed., 1995-1996.
|
| 260 |
|
|
|a New York :
|b McGraw-Hill,
|c c1995.
|
| 300 |
|
|
|a various pagination :
|b col. ill. ;
|c 26 cm.
|
| 500 |
|
|
|a Includes index.
|
| 500 |
|
|
|a "Brief version."
|
| 500 |
|
|
|a McGraw-Hill microcomputing--cover title.
|
| 541 |
|
|
|e 7857
|
| 650 |
|
0 |
|a Electronic data processing.
|9 2052
|
| 650 |
|
0 |
|a Word processing.
|9 1240
|
| 650 |
|
0 |
|a Business
|x Computer programs.
|9 2053
|
| 700 |
1 |
|
|a O'Leary, Linda I.
|9 2054
|
| 700 |
1 |
|
|a Williams, Brian K.,
|d 1938-
|9 2055
|
| 852 |
1 |
|
|a Ayesha Abed Library
|j General shelf.
|
| 942 |
|
|
|2 ddc
|c BK
|
| 952 |
|
|
|0 0
|1 0
|2 ddc
|4 0
|6 004_000000000000000_OLE
|7 0
|9 22652
|a BRACUL
|b BRACUL
|c GEN
|d 2013-06-09
|l 0
|o 004 OLE
|p 3010007857
|r 2013-06-09
|t 1
|w 2013-06-09
|y BK
|
| 952 |
|
|
|0 0
|1 0
|2 ddc
|4 0
|6 004_000000000000000_OLE
|7 0
|9 23243
|a BRACUL
|b BRACUL
|c GEN
|d 2013-08-27
|l 0
|o 004 OLE
|p 3010007858
|r 2013-08-27
|t 2
|w 2013-08-27
|y BK
|